| 000 | 00611nam a2200193 a 4500 | ||
|---|---|---|---|
| 001 | 000035627 | ||
| 005 | 20200930074502.0 | ||
| 008 | 111107s1964 fr a 000 0 spa d | ||
| 040 |
_aDO-SdBNP _bspa _cBNPHU |
||
| 100 | 1 |
_aSorlin, Pierre _961536 |
|
| 245 | 1 | 3 | _aLa société sociétique 1917-1964 /Pierre Sorlin. |
| 260 |
_aParis : _bLibrairie Armand Colin, _c1964. |
||
| 300 |
_a279 p. : _bil. ; _c23 cm. |
||
| 490 | 1 | _aU | |
| 490 | 1 | _aHistoire contemporaine | |
| 590 | _aPerteneció a la biblioteca personal de Juan Isidro Jimenes Grullón. | ||
| 830 | 0 |
_aU _961537 |
|
| 830 | 0 |
_aHistoire contemporaine _961538 |
|
| 999 |
_c35118 _d35118 |
||